000 00741nam a2200277 i 4500
001 000006100
003 DO-SdBNP
005 20250731081333.0
007 ta
008 250531s1986 dr 000 0 spa d
040 _aDO-SdBNP
_bspa
_cBNPHU
_erda
041 _hspa
082 _axxx
_bB171m
_222
110 _9447
245 1 0 _aLa música de sus versos /
_cJoaquin Balaguer
264 _aSanto Domingo :
_bTeatro Nacional,
_c2000
300 _a16 páginas. ;
_c23 cm.
336 _ardacontent
_btexto
_2txt
337 _ardamedia
_bsin mediación
_2n
338 _ardacarrier
_bvolumen
_2nc
590 _aInventariado,2025/DG
650 4 _aPoesía dominicana
650 4 _aLiteratura dominicana
910 _aDG
942 _2ddc
_cLF2
999 _c59687
_d59687